000 02390cam a22004694i 4500
003 PE-LiUPU
005 20250731172927.0
008 170512s1989 miua rb 000 0 eng d
035 _a(Sirsi) a203980
040 _aPE-LiUPU
_bspa
_cPE-LiUPU
_erda
049 _aPRUA
082 0 4 _a259.230973
_bC24
_220
100 1 _aCampolo, Anthony.,
_eautor.
245 1 0 _aGrowing up in America :
_ba sociology of youth ministry /
_cAnthony Campolo.
264 1 _aGrand Rapids, Mich. :
_bYouth Specialties,
_c1989.
300 _a217 páginas ;
_c25 centimetros
336 _atext
_2rdacontent
337 _aunmediated
_2rdamedia
338 _avolume
_2rdacarrier
504 _aBibliografía : páginas 211-217.
505 0 _aWhat's the world doing to kids, anyway? -- Youth subcultures -- Primary groups and con jobs -- The death of traditional parenthood -- The sexuality wilderness -- What color is your evangelism? Your outreach program -- Counseling : the inescapable privilege -- Crisis counseling : praxis -- Junior-high ministry : too old too soon -- Family ministry : what is the Christian family? -- Events : from the church basement to the arena -- Apathy : a passionless generation -- Turnover : the revolving-door syndrome -- Staff relationships : the will to power -- Money : the seductive mistress -- Spirituality : the price of pragmatism -- Professionalizing youth ministry -- Conclusion : the state of youth ministry.
526 _aSEG42
526 _aSEG41
526 _aSEG40
526 _aSEG39
526 _aP94
526 _aP87
526 _aP86
526 _aP85
526 _aP77
526 _aP76
526 _aP35
650 0 _aTrabajo de la Iglesia con adultos jóvenes
_zEstados Unidos.
650 0 _aAdultos jóvenes
_zEstados Unidos.
910 _ajck
_bjvq
_cjck
_d20170512.
942 _2ddc
_cBOOK
949 _a259.230973 C24
_wDEWEY
_c1
_i75866
_lCATALOGING
_mBUL
_p20
_r0
_sY
_tBOOK
_u2017-05-12
_xTEOLOGIA
_zPOSGRADO TEOLOGÍA
_0COMPRA
_o.CIRCNOTE. El documento es de alto precio.
_o.STAFF. Colección Teología
994 _aC0
_bPEPRU
596 _a1
999 _a259.230973 C24
_wLC
_c20359
_i75866
_d20359
_f2021-11-10
_g4
_lCCODEBUL1
_mBUL
_p20.00
_r0
_sY
_tBOOK
_u2017-5-12
_xTEOLOGIA
_PP85
_0DONACION
_o.STAFF. Colección Teología
980 _81
_gALBERTO SANCHEZ Responsable de Automatización